Nomes que começam com J - Statistics

Estatísticas Gerais
  • Esse quiz foi jogado 163 vezes
  • A pontuação média é 8 de 18
Estatísticas das Respostas
Hint Resposta % Correto
2. João
94%
5. Júlia
89%
3. Joana
81%
1. José
80%
4. Juliana
78%
9. Júlio
75%
6. Jéssica
56%
15. Joaquim
46%
17. Jorge
41%
18. Joel
36%
14. Jaime
28%
7. Josefa
26%
16. Joaquina
22%
8. Josefina
19%
12. Julieta
19%
11. Janete
18%
13. Jacinto
16%
10. Jacinta
12%
Nenhum quiz correspondente encontrado
Distribuição das Pontuações
Porcentagem de Pessoas com Cada Pontuação
Percentil de Números Respondidos
Sua Pontuação Histórica
Você não jogou esse quiz